=LDR 00000nam 2200000 4500 =001 INLIS000000000056424 =005 20200903075954 =035 ##$$a 0010-0920000055 =007 ta =008 200903###########################0#eng## =020 ##$$a 981 204 159 1 =082 ##$$a 306.495 19 c =084 ##$$a 306.495 19 c =245 1#$$a culture shock! : $b korea /$c sonja veghdahl hur & ben seunghwa hur =300 ##$$a 247 halaman : $b Ilustrasi ; $c 20 cm =650 #4$$a kebudayaan- korea =520 ##$$a index :halaman 245-247 =264 ##$$a singapore,kuala lumpur :$b times books international,$c 1953 =336 ##$$a Teks$2 rdacontent =337 ##$$a lain-lain$2 rdamedia =338 ##$$a lain-lain$2 rdacarrier =990 ##$$a 31793179